| 000 | 01568cam a2200313 a 4500 | ||
|---|---|---|---|
| 001 | 16084213 | ||
| 003 | OSt | ||
| 005 | 20221114095759.0 | ||
| 008 | 100204s2011 ohua b 001 0 eng d | ||
| 010 | _a 2010921982 | ||
| 020 | _a9780538453004 | ||
| 020 | _a0538453001 | ||
| 035 | _a(OCoLC)ocn614014200 | ||
| 040 |
_aCTN _cLC _dCTN _dVMY _dDLC |
||
| 042 | _alccopycat | ||
| 050 | 0 | 0 | _aHF5636.N88 |
| 100 |
_qNorton, Curtis L. _9697 |
||
| 245 | 1 | 0 |
_aIntroduction to using financial accounting information. / _c Curtis L. Norton, Gary A. Porter. |
| 250 | _a7th ed. | ||
| 260 |
_aLondon: _bSouth-Western/Cengage Learning, _c2011. |
||
| 300 |
_axxvii, 769 p. + [various pagings]: _bcol. ill. ; _c29 cm. |
||
| 504 | _aIncludes bibliographical references and indexes. | ||
| 505 | _aContents: Accounting as a form of communication -- Financial statements and the annual report -- Processing accounting information -- Income measurement and accrual accounting -- Inventories and cost of goods sold -- Cash and internal control -- Receivables and investments -- Operating assets : property, plant, and equipment, and intangibles -- Current liabilities, contingencies, and the time value of money -- Long-term liabilities -- Stockholders' equity -- The statement of cash flows -- Financial statement analysis. | ||
| 650 | 0 |
_aAccounting. _962 |
|
| 700 |
_qPorter, A. Gary _9698 |
||
| 906 |
_a7 _bcbc _ccopycat _d3 _encip _f20 _gy-gencatlg |
||
| 942 |
_2lcc _cBK |
||
| 999 |
_c7740 _d15240 |
||